Statistics for 20 Largest Cities in Australia by Population

Click here to take the quiz!

General Stats

  • This quiz has been taken 27 times
    (22 since last reset)
  • The average score is 13 of 19

Answer Stats

Answer% Correct
Melbourne
100%
Sydney
100%
Perth
95%
Adelaide
90%
Brisbane
86%
Darwin
81%
Gold Coast
81%
Hobart
81%
Canberra
76%
Newcastle
76%
Cairns
62%
Sunshine Coast
52%
Wollongong
52%
Geelong
48%
Townsville
48%
Central Coast
43%
Toowoomba
38%
Bendigo
33%
Albury
24%

Score Distribution

Percentile by Number Answered

Percent of People with Each Score

Your Score History

You have not taken this quiz since the last reset